000 00324 a2200157 4500
001 62447
020 _a9788577230075
040 _cAnchieta - Pituba
100 _aEco,Umberto.
240 1 0 _aTrês contos
_lpor
245 1 0 _aTrês contos
300 _a110
362 0 _a2007
650 4 _aLiteratura juvenil
942 _cBK
999 _c62447
_d62447